Normal view
MARC view
- Eassy Test moudle
Entry Topical Term
001 - CONTROL NUMBER
- control field: 106867
003 - CONTROL NUMBER IDENTIFIER
- control field: NUST
005 - DATE AND TIME OF LATEST TRANSACTION
- control field: 20230116125044.0
008 - FIXED-LENGTH DATA ELEMENTS
- fixed length control field: 230116|| aca||aabn | a|a d
040 ## - CATALOGING SOURCE
- Original cataloging agency: NUST
- Transcribing agency: NUST
150 ## - HEADING--TOPICAL TERM
- Topical term or geographic name entry element: Eassy Test moudle
670 ## - SOURCE DATA FOUND
- Source citation: Work cat.: (NUST)188319: Conlin, Mary Lou 78700, Concept of communication writing /, 1967
